000 03438nam a2200397 a 4500
001 Z_6217
003 CHAP
005 20231017122857.0
007 ta
008 220601t2010 mx ado gr 001 0 s d
020 _a978-607-17-0605-8
040 _aZ
_cCHAP
082 0 4 _a591.56
_bP75 2010
_220
100 1 _aPrice, Edward O.
_eautor
_991575
245 0 0 _aConducta animal aplicada al cuidado y producción pecuaria /
_cEdward O. Price y Agustín Orihuela
264 1 _aMéxico, D. F.:
_bTrillas,
_c2010
300 _a111 páginas:
_bilustraciones, gráficas, tablas, fotografías
336 _2rdacontent
_atexto
_btxt
337 _2rdamedia
_an
_bsinmedio
338 _2rdacarrier
_avolumen
_bnc
500 _aej.1 - ej.6: donación ej.7: consumo
504 _aBibliografía: páginas 99 - 105
505 _gIntroducción. -- 1. Uso de la selección artificial para resolver problemas conductuales en producción animal. -- 2. Efecto correlacionado en la selección . -- 3. Efecto de la experiencia temprana en el desarrollo de preferencia por alimentos. -- 4. Efecto de la crianza en aislamiento sobre agresividad y facilidad de manejo. -- 5. Efecto de la crianza en aislamiento sobre la conducta sexual del verraco. -- 6. El papel de la habituación en el manejo de los animales. -- 7. El tiempo de refuerzo o castigo en el condicionamiento. -- 8. Subdesempeño sexual. --9. Efecto de la crianza de machos en grupos de sólo-machos vs. grupos heterosexuales. -- 10. Empadres múltiples con machos de la misma edad vs. diferentes edades. -- 11. Midiendo el desempeño sexual de los machos. -- 12. Manteniendo la libido durante la monta natural. -- 13. Manteniendo la libido durante la colección de semen. -- Técnicas conductuales para maximizar la calidad del semen.
520 _a¿Por qué los animales domésticos se portan como lo hacen? ¿Cuáles son las implicaciones prácticas de este tipo de comportamiento? ¿Cómo podemos utilizar estas conductas para incrementar su productividad o brindarles mejor bienestar? para todos los que buscan respuestas a este tipo de cuestionamientos, veterinarios, agrónomos, productores, biólogos, psicólogos y quienes tengan interés en la etología, surge este libro que explora las posibilidades de la aplicación de esta ciencia. Los autores ofrecen información científica actual así como la acumulación durante años de experiencia respecto a las implicaciones del cuidado de los animales y su manejo en las granjas. Este compendio actualizado de conceptos y conocimiento práctico acerca de la conducta animal, se exponen de manera sencilla, amena y con amplio dominio de la materia; aquí se abordan la relación del hombre con los animales, la selección genética, la crianza, problemas causados por el comportamiento, o las soluciones que pueden darse a muchas complicaciones cuando se conoce la conducta de los animales así como el diseño de prácticas de manejo e instalaciones más seguras y eficientes, entre otros temas.
650 2 _aConducta animal
_9134384
650 2 _aConducta sexual animal
_9134385
650 0 _aComportamiento reproductivo
_9143263
650 1 3 _aAnimales domésticos
_95889
_xHábitos y conducta
700 _aOrihuela, Agustín
_9183362
_ecoautor
901 _a591.56 P75 2010
902 _aM
905 _a5032272010 mx ad 8000000300spa00
942 _2ddc
942 _2ddc
942 _cLIBRO
999 _c217094
_d217094